MARC

LEADER 00000nam0a2200000 4500
001 225351
005 20231031200929.0
010 |a 9780123838421 
035 |a (RuTPU)RU\TPU\book\245693 
035 |a RU\TPU\book\155328 
090 |a 225351 
100 |a 20121109d2012 k y0engy50 ba 
101 0 |a eng 
102 |a US 
105 |a a g 001zy 
200 1 |a Gas Turbine Engineering Handbook  |f M. P. Boyce 
205 |a 4th ed. 
210 |a Boston  |c Elsevier Ltd  |d 2012 
215 |a 956 p.  |c il. 
320 |a Index: p. 929-956. 
610 1 |a газовые турбины 
610 1 |a проектирование 
610 1 |a произведения 
610 1 |a установка 
610 1 |a обслуживание 
610 1 |a эксплуатация 
610 1 |a камеры сгорания 
610 1 |a учебные пособия 
610 1 |a английский язык 
610 1 |a справочники 
675 |a 621.438(035)  |v 3 
700 1 |a Boyce  |b M. P.  |g Meherwan P. 
801 1 |a RU  |b 63413507  |c 20080918  |g PSBO 
801 2 |a RU  |b 63413507  |c 20121120  |g PSBO 
900 |a Камеры сгорания ГТУ и спецкотлы 
942 |c BK